000 00948nam a2200253 a 4500
001 000030264
003 DO-SdBNP
005 20220628101337.0
007 ta
008 110505s2010 dr abo gr 001 0 spa d
040 _aDO-SdBNP
_bspa
_cBNPHU
082 4 _bP438s
_222
245 1 0 _aPerfiles sociodemográficos provinciales, Región Este /
_cPresentación, Pablo Tactuk.
260 _aSanto Domingo :
_bOficina Nacional de Estadística (ONE),
_c2010
300 _a104 p. :
_bil., map., fotogr. ;
_c28 cm.
500 _aIncluye bibliografía y notas al pié de páginas.
505 0 _aPresentación.
_tEl Seibo.--
_tHato Mayor.--
_tLa Altagracia.--
_tLa Romana.--
_tMonte Plata.--
_tSan Pedro de Macorís.
590 _aInventariado 2022 / MF
651 4 _aRepública Dominicana
_vEstadísticas
_981923
651 4 _aRepública Dominicana
_vDesarrollo Social
_981922
700 1 _aTactuk, Pablo
_epres.
_95774
910 _aMFeliz
942 _2ddc
_cLBS1
999 _c29756
_d29756